000 00407pam a2200157a 44500
008 230405s2017 xxu||||| |||| 00| 0 eng d
041 _aENG
100 _aSHARMA R R
245 _aTEXTBOOK OF TEMPERATE FRUITS
250 _a1ST Ed.
260 _aNEW DELHI
_bCBS PUB
_c2017
300 _a156p.
440 _aBHARATI GRAHAK BHANDAR, BILL NO.4424, DT-16/08/2018
700 _aKRISHNA HARE
906 _a2195
999 _c291073
_d291073